LIBRARY & INFORMATION CENTRE, KCAET, TAVANUR

ONLINE PUBLIC ACCESS CATALOGUE (OPAC)

Dictionary of soil science / (Record no. 10895)

MARC details
000 -LEADER
fixed length control field 00493cam a2200193ua 4500
041 ## - LANGUAGE CODE
Language code of text/sound track or separate title eng
082 ## - DEWEY DECIMAL CLASSIFICATION NUMBER
Classification number 028.73631
Item number LOZ/DI
100 ## - MAIN ENTRY--AUTHOR NAME
Personal name Lozet, Jean .
245 ## - TITLE STATEMENT
Title Dictionary of soil science /
250 ## - EDITION STATEMENT
Edition statement 2 /
260 ## - PUBLICATION, DISTRIBUTION, ETC. (IMPRINT)
Place of publication New Delhi :
Name of publisher Oxford & IBH Publishing company ,
Year of publication 1991.
300 ## - PHYSICAL DESCRIPTION
Number of Pages 348 ; .
700 1# - ADDED ENTRY--PERSONAL NAME
Personal name Mathieu, Clement .
942 ## - ADDED ENTRY ELEMENTS (KOHA)
Koha item type Books
Holdings
Withdrawn status Lost status Damaged status Home library Current library Date acquired Full call number Accession Number Koha item type
      KAUAET KAUAET 07/04/2012 028.73631 19685 Reference
free website counter